Analýza prežitia Coxovým modelom proporcionálnych rizík
Coxov semiparametrický regresný model proporcionálnych rizík je najfrekventovanejšie využívaným modelom pri analýze prežitia. Dovoľuje nám skúmať premennú čas prežitia kvantitatívnymi, aj kvalitatívnymi premennými, no nemusíme poznať rizikovú funkciu a jej pravdepodobnostné rozdelenie. Model sa apli...
Enregistré dans:
| Auteur principal: | |
|---|---|
| Format: | Chapitre de livre |
| Langue: | slovaque |
| Sujets: | |
| Tags: |
Pas de tags, Soyez le premier à ajouter un tag!
|
MARC
| LEADER | 00000naa$a2200000$$$4500 | ||
|---|---|---|---|
| 001 | 0289184 | ||
| 005 | 20240502074428.8 | ||
| 041 | 0 | |a slo | |
| 044 | |a SK | ||
| 245 | 1 | 0 | |a Analýza prežitia Coxovým modelom proporcionálnych rizík |c Patrícia Teplanová |
| 520 | |a Coxov semiparametrický regresný model proporcionálnych rizík je najfrekventovanejšie využívaným modelom pri analýze prežitia. Dovoľuje nám skúmať premennú čas prežitia kvantitatívnymi, aj kvalitatívnymi premennými, no nemusíme poznať rizikovú funkciu a jej pravdepodobnostné rozdelenie. Model sa aplikoval na medicínske dáta s účelom zistenia vplyvu rozličných premenných na čas prežitia skúmaných osôb. | ||
| 610 | 2 | 0 | |a riziko |
| 610 | 2 | 0 | |a modely |
| 610 | 2 | 0 | |a dáta |
| 610 | 2 | 0 | |a medicína |
| 610 | 2 | 0 | |a zdravotníctvo |
| 610 | 2 | 0 | |a demografia |
| 100 | 1 | |a Teplanová, Patrícia, 1998- | |